Eridano

Bibliographische Detailangaben
Format: Schriftenreihe
Sprache:Italian
Veröffentlicht: Torino : Ananke, 2003-
Zugriff auf das übergeordnete Werk:Eridano
LEADER 01000cas a2200265 c 4500
001 520494105
003 DE-627
005 20230417160934.0
007 tu
008 061121c20039999it z| m| 0 |0ita c
016 7 |a 982006462  |2 DE-101 
016 7 |a 2259559-4  |2 DE-600 
035 |a (DE-627)520494105 
035 |a (DE-576)10781336X 
035 |a (DE-599)ZDB2259559-4 
035 |a (OCoLC)1368998020 
040 |a DE-627  |b ger  |c DE-627  |e rakwb 
041 |a ita 
044 |c XA-IT 
082 0 4 |a 780  |q DE-600 
245 0 0 |a Eridano 
264 3 1 |a Torino  |b Ananke  |c 2003- 
336 |a Text  |b txt  |2 rdacontent 
337 |a ohne Hilfsmittel zu benutzen  |b n  |2 rdamedia 
338 |a Band  |b nc  |2 rdacarrier 
362 0 |a Nachgewiesen 5.2003 - 
363 0 1 |a 5  |i 2003 
655 7 |a Monografische Reihe  |0 (DE-588)4179998-7  |0 (DE-627)104628669  |0 (DE-576)209995106  |2 gnd-content 
912 |a GBV_ILN_11 
912 |a ISIL_DE-1a 
912 |a SYSFLAG_1 
912 |a GBV_KXP 
912 |a GBV_ILN_350 
912 |a ISIL_DE-2795 
912 |a GBV_ILN_350_ 
912 |a GBV_ILN_2003 
912 |a ISIL_DE-25 
912 |a GBV_ILN_2011 
912 |a ISIL_DE-16 
951 |a ST 
980 |2 11  |1 01  |x 0001  |b 801393612  |y x  |z 21-11-06 
980 |2 350  |1 01  |x 8293  |b 1169441157  |y x  |z 24-06-10 
980 |2 2003  |1 01  |x DE-25  |b 4002448630  |c 00  |f --%%--  |d --%%--  |e --%%--  |j --%%--  |y l01  |z 16-11-21 
980 |2 2011  |1 01  |x DE-16  |b 2433246105  |c 00  |f --%%--  |d --%%--  |e --%%--  |j --%%--  |y l01  |z 03-11-03